| 000 | 00659nam a22002057a 4500 | ||
|---|---|---|---|
| 005 | 20251108172523.0 | ||
| 008 | 250721s9999 xx 000 0 ara d | ||
| 082 | 1 | 4 | _a346.043فضل |
| 100 | 1 | _aفضل، منذر | |
| 245 | 1 | 0 | _aشرح القانون المدني الأردني : العقود المسماه البيع و الإيجار فيضوء الفقه الإسلامي / |
| 250 | _aط2 | ||
| 264 | 1 |
_aعمان : _bدار اثقافة، |
|
| 300 | _a383ص | ||
| 650 | 1 | 7 | _aالقانون |
| 650 | 1 | 7 | _aالإيجار |
| 650 | 1 | 7 | _aالعقود |
| 700 | 1 |
_aفتلاوي، صاحب _eمؤلف مشارك |
|
| 942 |
_2ddc _cBK |
||
| 999 |
_c81480 _d81480 |
||